Projektfinanzierung durch fundraising in non-profit-organisationen am beispiel des verbandes internationaler bund e.V. diplomová práca

Salvato in:
Dettagli Bibliografici
Autore principale: Jurgovská, Veronika
Ente Autore: Ekonomická univerzita v Bratislave. Ústav medzinárodných programov
Altri autori: Pavelka, Ľuboš, 1962-
Natura: Libro
Lingua:tedesco
Pubblicazione: Bratislava 2011
Tags: Aggiungi Tag
Nessun Tag, puoi essere il primo ad aggiungerne!!

MARC

LEADER 00000nam a2200000 4500
001 0150297
005 20240410104848.6
041 0 |a ger 
044 |a SK 
245 1 0 |a Projektfinanzierung durch fundraising in non-profit-organisationen am beispiel des verbandes internationaler bund e.V.  |b diplomová práca  |c Veronika Jurgovská ; školiteľ: Ľuboš Pavelka 
264 1 |a Bratislava  |c 2011 
300 |a 73 s. 
100 1 |a Jurgovská, Veronika 
700 1 |a Pavelka, Ľuboš, 1962- 
710 2 |a Ekonomická univerzita v Bratislave. Ústav medzinárodných programov